Performance Analysis of an axial compressor under boundary Layer Ingestion by FSI / (Record no. 615567)

000 -LEADER
fixed length control field 00500nam a22001577a 4500
082 ## - DEWEY DECIMAL CLASSIFICATION NUMBER
Classification number 621.1
Author Mark ABB
100 ## - MAIN ENTRY--PERSONAL NAME
Personal name Abbas, Syed Sammar (364937)
245 ## - TITLE STATEMENT
Title Performance Analysis of an axial compressor under boundary Layer Ingestion by FSI /
264 ## - PRODUCTION, PUBLICATION, DISTRIBUTION, MANUFACTURE, AND COPYRIGHT NOTICE
Place of production, publication, distribution, manufacture Islamabad :
Name of producer, publisher, distributor, manufacturer USPCAS-E, NUST
Date of production, publication, distribution, manufacture, or copyright notice June, 2025
300 ## - PHYSICAL DESCRIPTION
Extent xiv, 60 p.
Accompanying material +CD
520 ## - SUMMARY, ETC.
Summary, etc. TH-633
650 ## - SUBJECT ADDED ENTRY--TOPICAL TERM
Topical term or geographic name entry element MS TEE Thesis
650 ## - SUBJECT ADDED ENTRY--TOPICAL TERM
Topical term or geographic name entry element MS Thesis
700 ## - ADDED ENTRY--PERSONAL NAME
Personal name Supervisor: Dr. Qazi Shahzad Ali
942 ## - ADDED ENTRY ELEMENTS (KOHA)
Source of classification or shelving scheme
Koha item type Thesis
Holdings
Withdrawn status Permanent Location Current Location Date acquired Full call number Barcode Koha item type
  US-Pakistan Center for Advanced Studies in Energy (USPCAS-E) US-Pakistan Center for Advanced Studies in Energy (USPCAS-E) 12/17/2025 621.1 ABB CAS-ETH0000633 Thesis
© 2023 Central Library, National University of Sciences and Technology. All Rights Reserved.